Historias de Amsterdam /

Guardado en:
Detalles Bibliográficos
Autor principal: Nescio (autor)
Formato: Libro
Idioma:Español
Publicado: Barcelona, España : Elba, 2015, c2015
Colección:(Ficciones Elba ; 3)
Temas:
Etiquetas: Agrega una etiqueta
Sin etiquetas, Sé el primero en etiquetar este registro!

MARC

LEADER 00000nam^a2200000^a^4500
001 000365289
005 20250521000000.0
009 20260310115639.413
020 |a 978-84-943666-4-2 
037 |a Acervo ITESO - Biblioteca 
041 |a ESP 
082 |a 839. 31  |b NES 
100 |a Nescio  |e (autor) 
245 1 0 |a Historias de Amsterdam /  |c Nescio ; pról. y tr. por Goedele De Sterck. 
264 4 |a Barcelona, España :  |b Elba,  |c 2015, c2015 
300 |a 222 p. 
336 |a texto  |b txt  |2 rdacontenido 
337 |a sin mediación  |b n  |2 rdamedio 
338 |a volumen  |b nc  |2 rdasoporte 
440 1 |a (Ficciones Elba ;  |v 3) 
500 |a Traducción de: De Uitvreter, Titaantjes, Dichtertje, Mene Tekel 
649 |a XX 
650 |a Cuentos Holandeses 
650 |a Literatura Holandesa -  |y Siglo XX 
650 |a Amsterdam, Holanda en la Literatura 
910 |a Fondo General 
920 |a Impresos - Libros 
930 |a Colección General 
940 |a Literatura 
905 |a 101 
901 |a 0500258957  |b IT1  |c LIT  |i C148723  |u 20250521 
902 |a https://opac.biblio.iteso.mx/vufind/Record/000365289